| 000 | 00358nam a2200133Ia 4500 | ||
|---|---|---|---|
| 008 | 210210b1973 xxu||||| |||| 00| 0 eng d | ||
| 082 | _a954.83 KARK | ||
| 100 | _aKAREEM (C K). | ||
| 245 | _aKerala under Haidar Ali and Tipu Sultan. | ||
| 260 |
_aErnakulam. _bPaico Publishing House., _c1973 |
||
| 300 | _axv,322 | ||
| 690 | _aIndian History | ||
| 906 | _a031701 | ||
| 999 |
_c82846 _d82846 |
||